000 00382nam a2200145Ia 4500
041 _aKurdish
082 _a340,09 cut-695 م
100 _a20260118u\\\\\\\\\\\y0engy0103\\\\ba
100 _aمافناس جەمیل محەمەد
245 0 _aمێژووى یاسا
250 _aچ1
260 _bچاپخانە یادگار
_aهەوڵیر
_c2017
300 _a313
942 _cBk
999 _c188767
_d188767